Being & Becoming / (Record no. 177008)
[ view plain ]
| 000 -LEADER | |
|---|---|
| fixed length control field | 01142 a2200169 4500 |
| 003 - CONTROL NUMBER IDENTIFIER | |
| control field | NUST |
| 005 - DATE AND TIME OF LATEST TRANSACTION | |
| control field | 20221206135059.0 |
| 040 ## - CATALOGING SOURCE | |
| Transcribing agency | Nust |
| 082 ## - DEWEY DECIMAL CLASSIFICATION NUMBER | |
| Classification number | 157,BAS |
| 100 ## - MAIN ENTRY--PERSONAL NAME | |
| Personal name | Bashir,Muhammad |
| 9 (RLIN) | 26319 |
| 245 ## - TITLE STATEMENT | |
| Title | Being & Becoming / |
| Statement of responsibility, etc. | Lt Col(Rtd) Muhammad bashir |
| 260 ## - PUBLICATION, DISTRIBUTION, ETC. | |
| Place of publication, distribution, etc. | Islamabad |
| Name of publisher, distributor, etc. | The Army Press |
| Date of publication, distribution, etc. | 2006 |
| 300 ## - PHYSICAL DESCRIPTION | |
| Extent | ii.132, p .: |
| 505 ## - FORMATTED CONTENTS NOTE | |
| Formatted contents note | The Passion Pandemonium (Page-1),The Borrowed Sufficiency (Page-6), Plaintive Panting (Page-10), Stakes and Privileges (Page-16), Febrile Presumptiveness (Page-21), Impositions and Exaggeration (Page-26), Mysterious Interrogatives (Page-32), Computing the Human Circumstance (Page-37), From the Lurch (Page-43), In the Middle of Nowhere (Page-49), Emotions Exhaustion (Page-54), Insurrecsdtive Huddling (Page-58 ), The Heroics (Page-63), Passionless Pursuits (Page-69), Illusion and Reality (Page-75), Men and Events (Page-107), The Grafted Wisdom (Page-112), The Gloom Looms (Page-118), Facelessness (Page-123), Self Conceit and Vindications (Page-128),The Quickened Reveries (Page-162),The Inconswquent Digression (Page-165). |
| 650 ## - SUBJECT ADDED ENTRY--TOPICAL TERM | |
| Topical term or geographic name entry element | Becoming |
| 9 (RLIN) | 104272 |
| 942 ## - ADDED ENTRY ELEMENTS (KOHA) | |
| Source of classification or shelving scheme | |
| Koha item type | Book |
| Call number prefix | 157,BAS |
| Withdrawn status | Lost status | Source of classification or shelving scheme | Damaged status | Not for loan | Permanent Location | Current Location | Shelving location | Date acquired | Full call number | Barcode | Date last seen | Price effective from | Koha item type | Public note | Source of acquisition | Total Checkouts | Total Renewals | Date last checked out |
|---|---|---|---|---|---|---|---|---|---|---|---|---|---|---|---|---|---|---|
| Central Library (CL) | Central Library (CL) | 11/30/2019 | 157 BAS | CL-D-794 | 04/24/2026 | 11/30/2019 | Book | Donation | 4 | 1 | 03/12/2026 | |||||||
| Military College of Signals (MCS) | Military College of Signals (MCS) | General Stacks | 12/12/2016 | 157,BAS | MCS33493 | 12/08/2016 | 12/12/2016 | Book | Almirah No.73, Shelf No.1 | |||||||||
| Military College of Signals (MCS) | Military College of Signals (MCS) | General Stacks | 12/12/2016 | 157,BAS | MCS36505 | 12/08/2016 | 12/12/2016 | Book | Almirah No.46, Shelf No.4 | |||||||||
| Military College of Signals (MCS) | Military College of Signals (MCS) | General Stacks | 02/24/2023 | 157,BAS | MCS33491 | 02/24/2023 | 02/24/2023 | Book | Almirah No.73, Shelf No.1 | |||||||||
| Military College of Signals (MCS) | Military College of Signals (MCS) | General Stacks | 02/24/2023 | 157,BAS | MCS33492 | 02/24/2023 | 02/24/2023 | Book | Almirah No.73, Shelf No.1 |
